000 00836nam a2200217 i 4500
999 _c7390
_d7390
003 OSt
005 20211111105533.0
008 180124e201712 spc|||| |||| 0|0 0acat|
017 _aDL B 26689-2017,
_bBiblioteca de Catalunya
020 _a9788417183141
040 _aCDMR
_bcat
_c0
100 _aSeguí, Horaci
_94690
245 1 3 _aLa Meva vida en un "clic" /
_cHoracio Seguí ; pròleg de Josep Lluís Vilaseca ; textos de Toni Vall ; coordinació: Gemma Fàbregas ; imatges: Horacio Seguí
264 1 _aBarcelona :
_bEditorial Base,
_c2017
300 _a159 pàgines :
_bprincipalment il·lustrat (algunes en color) ;
_c23 x 30 cm
600 0 _aSeguí, Horaci
_94690
650 0 _aFotògrafs
_zCatalunya-
_xBiografies
_94305
650 0 _aFotoperiodisme
_zCatalunya
_xBiografies
_91270
700 1 _aVall, Toni,
942 _2udc
_cMON